Beyond anthropology : society and the other
Αποθηκεύτηκε σε:
| Κύριος συγγραφέας: | |
|---|---|
| Μορφή: | Βιβλίο |
| Γλώσσα: | English |
| Δημοσίευση: |
New York :
Columbia University Press,
1989.
|
| Θέματα: | |
| Ετικέτες: |
Προσθήκη ετικέτας
Δεν υπάρχουν, Καταχωρήστε ετικέτα πρώτοι!
|
MARC
| LEADER | 00000cam a2200000 i 4500 | ||
|---|---|---|---|
| 001 | 1/5342 | ||
| 008 | 960528s1989 nyu| ||| |||| ||eng|| | ||
| 020 | |a 0231066848 | ||
| 035 | |l 10015970 | ||
| 040 | |a GR-MyUa |b gre |e AACR2 | ||
| 041 | 0 | |a eng | |
| 082 | 7 | |a 306.09 |2 (22) | |
| 100 | 1 | |a McGrane, Bernard. | |
| 245 | 1 | 0 | |a Beyond anthropology : |b society and the other / |c Bernard McGrane. |
| 260 | |a New York : |b Columbia University Press, |c 1989. | ||
| 300 | |a 150 σ. ; |c 24 εκ. | ||
| 504 | |a Περιλαμβάνει βιβλιογραφία και ευρετήριο. | ||
| 650 | 0 | 0 | |a Anthropology |x Philosophy |x History. |
| 650 | 0 | 0 | |a Difference (Philosophy) |
| 650 | 0 | 0 | |a Ethnocentrism. |
| 650 | 0 | 0 | |a Social perception |x History. |
| 650 | 0 | |a Theological anthropology |x Christianity. | |
| 852 | |a INST |b LESVOS |e 19960528 |h 306.09 MCG |p 005100010151 |q 005100010151 |t BK |y 0 | ||